Vista normal Vista MARC

Entrada Personal Name

Número de registros utilizados en: 2

001 - CONTROL NUMBER

  • control field: 8310

003 - CONTROL NUMBER IDENTIFIER

  • control field: OSt

005 - DATE AND TIME OF LATEST TRANSACTION

  • control field: 20200804120053.0

008 - FIXED-LENGTH DATA ELEMENTS

  • fixed length control field: 200804|| aca||aabn | a|a d

040 ## - CATALOGING SOURCE

  • Original cataloging agency: OSt
  • Transcribing agency: OSt

100 ## - HEADING--PERSONAL NAME

  • Personal name: West, Morris,
  • Dates associated with a name: 1916-1999

670 ## - SOURCE DATA FOUND

  • Source citation: Work cat.: (OSt)3266: West, Morris, 1916-1999 autor, El abogado del diablo /, ©1969